1611 1312 1262 1050 1901 1870 1177 1701 1565 1309 1496 1946 1360 1726 1725 1922 1445 1034 1607 1880 1458 1686 1148 1868 1129 1932 1087 1507 1927 1622 1858 1988 1778 1009 1106 1894 1637 1201 1966 1498 1244 1721 1307 1780 1460 1886 1946 1620 1895 1108 1518 1567 1581 1941 1836 1643 1869 1412 1592 1410 1593 1369 1168 1262 1619 1064 1374 1292 1399 1502 1671 1316 1509 1715 1920 1152 1420 1052 1512 1651 1686 1268 1347 1014 1792 1983 1663 1001 1026 1272 1841 1459 1948 1848 1826 1590 1214 1572 1418 BCNSPRNW ULIB Ver.6.0+V

เปลี่ยนเป็นภาษาไทย

Change to English
 แสดงรายละเอียดบรรณานุกรม
  กลับหน้าหลัก

Brief Record : Get Marc (ISO 2709) : E-mail record : QR code < ปิดหน้าต่าง
LEADER : 00000nam 2200000uu 4500
001    13399124668
003     ULIB
008    151119s2556||||th 000 0 tha d
099  4 ^a วพ.LB2365^bศ481ก
100 0  ^aศิริรัตน์ จำปีเรือง
245 10 ^a การพัฒนาหลักสูตรเสริมสร้างคุณลักษณะที่พึงประสงค์ตามกระบวนการสุนทรียสนทนา สำหรับนักศึกษาพยาบาล =^bDevelopment of curriculum to enhance desirable characteristics through dialogue for nursing students /^cศิริรัตน์ จำปีเรือง
246 31 ^aDevelopment of curriculum to enhance desirable characteristics through dialogue for nursing students
260    ^a^c2556
300    ^a 367 แผ่น :^bภาพประกอบ
502    ^aวิทยานิพนธ์ (กศ.ด. (หลักสูตรและการสอน))--มหาวิทยาลัยนเรศวร, 2556
650  4 ^aการพยาบาล^xหลักสูตร
650  4 ^aการพยาบาล^xการศึกษาและการสอน
945    ^p0^l0^i000211
999    ^aเกษร โพธิ์สุวรรณ
รายการนี้ยังไม่มีแท็ก
คุณยังไม่ได้ล็อกอิน คุณสามารถมีกิจกรรมร่วมกับเว็บไซต์ได้ แต่ต้องล็อกอินก่อน ::
  ล็อกอิน

รายการสื่อสารสนเทศ

ลำดับที่ ประเภท เลขเรียก/บาร์โค้ด สถานที่ สถานะ
1. วิทยานิพนธ์
วิทยานิพนธ์
วพ.LB2365 ศ481ก ฉ.1 
  Barcode: 000211
ห้องสมุดวิทยาเขตสวรรค์ประชารักษ์
► วิทยานิพนธ์
บนชั้น

รายการใกล้เคียง
    ผู้แต่ง [ศิริรัตน์ จำปีเรือง]

BibComment


ยังไม่เคยถูกคอมเมนท์

คอมเมนท์ทรัพยากรรายการนี้
  คอมเมนท์: การพัฒนาหลักสูต..


 Copyright 2026. Bcnsprnw @Library